Portland International Airport Destinations Quiz Stats

 Plays Quiz not verified by Sporcle

Score 0/61 Timer 08:00
0 Plays Today
Airline City % Correct
Alaska/Horizon/United Express/SkyWestSeattle-Tacoma
92.8%
Alaska/United Express/SkyWest/Virgin AmericaLos Angeles
91.6%
Alaska/Horizon/United/United Express/SkyWest/Virgin AmericaSan Francisco
91.6%
Air Canda Express/Horizon AirVancouver
88.6%
Delta/JetBlueNew York
88.6%
Frontier/Southwest/UnitedDenver
86.8%
Alaska AirlinesAnchorage
84.4%
Alaska/Southwest/US AirwaysPhoenix
84.4%
Alaska/SpiritSan Diego
84.4%
Alaska/HawaiianHonolulu
83.8%
Alaska/Southwest/SpiritLas Vegas
83.8%
Alaska/UnitedChicago
82.6%
SouthwestChicago
80.8%
Delta/SouthwestSalt Lake City
80.2%
Alaska/Horizon/SouthwestBoise
80.2%
Air CanadaToronto
79%
Alaska/JetBlueBoston
77.8%
Alaska/Horizon/SouthwestSan Jose (CA)
77.8%
Alaska/Horizon/SouthwestSacramento
76.6%
UnitedHouston
74.9%
DeltaDetroit
72.5%
Alaska/Horizon/SouthwestOakland
71.9%
US AirwaysPhiladelphia
71.9%
Air Canada ExpressCalgary
71.3%
Alaska/HorizonSpokane
70.1%
DeltaMinneapolis-St. Paul
68.9%
AlaskaWashington-National
64.7%
Alaska/Horizon/United Express/SkyWestEugene
64.1%
UnitedNewark
61.1%
SouthwestAlbuquerque
60.5%
US AirwaysCharlotte
60.5%
Airline City % Correct
SouthwestKansas City
57.5%
Alaska/HorizonBillings
56.3%
AlaskaFairbanks
55.7%
AlaskaOrange County
54.5%
DeltaTokyo
52.1%
Alaska/HorizonFresno
52.1%
SouthwestAustin
51.5%
Alaska/SkyWest/JetBlueLong Beach
50.9%
Alaska/Horizon/United Express/SkyWestRedmond
50.3%
Alaska/HorizonMedford
48.5%
Alaska/SkyWestBurbank
46.1%
SeaPortNorth Bend
45.5%
Alaska/HorizonMissoula
43.7%
Alaska/HorizonBozeman
40.7%
DeltaAtlanta
38.3%
UnitedWashington-Dulles
38.3%
Alaska/HorizonBellingham
36.5%
American/SpiritDallas-Fort Worth
32.9%
AlaskaLihue
32.9%
AlaskaKona
32.3%
AlaskaPalm Springs
31.1%
AlaskaKahului
30.5%
DeltaAmsterdam
27.5%
Alaska/HorizonPasco
26.3%
Alaska/SkyWestSanta Barbara
23.4%
SeaPortPendleton
19.2%
United Express/SkyWestKlamath Falls
15.6%
Alaska/HorizonSanta Rosa
15%
SouthwestReno-Tahoe
7.8%
Alaska/SkyWestOntario (CA)
1.8%

You're not logged in!

Compare scores with friends on all Sporcle quizzes.
OR
Log In

Show Comments

Extras

Top Quizzes Today


Score Distribution

Your Account Isn't Verified!

In order to create a playlist on Sporcle, you need to verify the email address you used during registration. Go to your Sporcle Settings to finish the process.

Report this User

Report this user for behavior that violates our Community Guidelines.

Details: